• 首页
  • 本馆介绍
  • 公告通知
  • 最新文献
  • 馆藏检索
  • 电子资源
  • 读者导购
  • 参考咨询
  • 我的图书馆
  • 登录
  • 详细信息显示
  • 放入我的书架
  • 预约/预借图书
  • 作者相关作品
  • 分类相关作品
  • 丛书相关作品
  • 出版社相关作品

书目信息

  • 表格格式
  • 工作单格式
  • 卡片格式
书名: Writing essays about literature
作者: Kelley Griffith.
分册号:
分册名:
出版地: Fort Worth, TX :
 
出版社: Harcourt College Publishers
出版时间: c2002.
页数: xv, 347, 10 p. :
开本: 21 cm.
丛书名:
中图分类号:
科图分类号:
其他分类号: K13
主题词:
电子资源:
000 00978cam a22002894a 450
001 E0740037593
005 20070319112157.04
008 001004s2002 txu b 001 0 eng
010    @a00109639
020    @a015506617X.
040    @aDLC@cDLC@dDLC
042    @apcc
050 00 @aPN84@b.G72 2002
082 00 @a808/.0668@2 21
090    @aK13
099    @dK13@ex7=6
100 1  @aGriffith, Kelley.
245 10 @aWriting essays about literature :@ba guide and style sheet / @cKelley Griffith.
250    @a6th. ed.
260    @aFort Worth, TX :@bHarcourt College Publishers,@cc2002.
300    @axv, 347, 10 p. :@bill. ;@c21 cm.
504    @aIncludes bibliographical references and indexes.
650  0 @aEssay.
650  0 @aCriticism.
906    @a7@bcbc@corignew@d3@eepcn@f20@gy-gencatlg
925 0  @aacquire@b1 shelf copy@xpolicy default
955    @apc24 10-04-00@apb11 2001-07-23 to HLCD@clg12 2001-10-04@dlg22 2001-10-15@elg15 2001-10-30 to DDC@aaa19 2001-11-15
    
    Writing essays about literature : : a guide and style sheet / / Kelley Griffith.-6th. ed.-Fort Worth, TX : : Harcourt College Publishers, , c2002.
    xv, 347, 10 p. : : ill. ; ; 21 cm.
    Includes bibliographical references and indexes.
    
    ISBN 015506617X.
    
●
相关链接 在E读中查询图书 在五车中查询图书 在当当中查询图书 在豆瓣中查询图书


正题名:Writing essays about literature     索取号:K13/x7=6         预约/预借

序号 登录号 条形码 馆藏地/架位号 状态 备注
1 0002197   300021973   第二样本阅览室/ [索取号:K13/x7=6] 在馆    
唐山师范学院图书馆 欢迎您!
大连网信软件有限公司© 版权所有